Blood Heir (Registro nro. 30341)
[ vista simple ]
| 000 -LEADER | |
|---|---|
| fixed length control field | 00336nam a22001337a 4500 |
| 003 - CONTROL NUMBER IDENTIFIER | |
| control field | OSt |
| 005 - DATE AND TIME OF LATEST TRANSACTION | |
| control field | 20231127143224.0 |
| 008 - FIXED-LENGTH DATA ELEMENTS--GENERAL INFORMATION | |
| fixed length control field | 231127b |||||||| |||| 00| 0 eng d |
| 040 ## - CATALOGING SOURCE | |
| Transcribing agency | CO-JMCR |
| 082 ## - DEWEY DECIMAL CLASSIFICATION NUMBER | |
| Classification number | A / |
| Item number | WENa |
| 100 ## - MAIN ENTRY--PERSONAL NAME | |
| Personal name | Wen Amèlia |
| Relator term | autora |
| 9 (RLIN) | 42945 |
| 245 ## - TITLE STATEMENT | |
| Title | Blood Heir |
| Remainder of title | La princesa roja / |
| Statement of responsibility, etc. | Amèlia Wen |
| 942 ## - ADDED ENTRY ELEMENTS (KOHA) | |
| Source of classification or shelving scheme | Dewey Decimal Classification |
| Koha item type | Books |
| Withdrawn status | Lost status | Source of classification or shelving scheme | Damaged status | Not for loan | Home library | Current library | Date acquired | Total Checkouts | Full call number | Barcode | Date last seen | Date last checked out | Price effective from | Koha item type | Public note |
|---|---|---|---|---|---|---|---|---|---|---|---|---|---|---|---|
| Dewey Decimal Classification | Biblioteca Pública José María del Castillo y Rada | Biblioteca Pública José María del Castillo y Rada | 11/27/2023 | 2 | A / WENa | 14163073 | 12/01/2023 | 12/01/2023 | 11/27/2023 | Books | Material Interbibliotecario Biblored |